Gothic 2 Charaktere - Statistics

General Stats
  • This quiz has been taken 198 times
  • The average score is 107 of 268
Answer Stats
Answer % Correct
Diego
91%
Gorn
89%
Xardas
87%
Lee
86%
Lester
85%
Lord Hagen
85%
Lares
84%
Vatras
84%
Lord Andre
82%
Saturas
82%
Milten
81%
Greg
77%
Onar
74%
Pyrokar
73%
Wolf
72%
Jack
71%
Skip
71%
Bosper
70%
Lobart
70%
Raven
70%
Thorben
70%
Cavalorn
67%
Harad
67%
Bloodwyn
66%
Constantino
66%
Dexter
66%
Matt
66%
Lothar
65%
Matteo
65%
Myxir
65%
Thorus
65%
Garond
64%
Torlof
64%
Sentenza
63%
Akil
62%
Sekob
62%
Vino
61%
Canthar
60%
Martin
60%
Moe
59%
Sylvio
59%
Dar
57%
Sarah
57%
Bromor
56%
Cronos
56%
Serpentes
56%
Valentino
56%
Attila
55%
Bullco
55%
Buster
55%
Cipher
55%
Riordian
55%
Rod
55%
Zuris
55%
Angar
54%
Bennet
54%
Cord
54%
Jora
54%
Orlan
53%
Brian
52%
Nefarius
52%
Pedro
52%
Raoul
52%
Rengaru
52%
Snaf
52%
Fisk
51%
Merdarion
51%
Nadja
51%
Wulfgar
51%
Fernando
50%
Gritta
50%
Halvor
50%
Huno
50%
Lehmar
50%
Lucia
50%
Thekla
50%
Till
50%
Cassia
48%
Hilda
48%
Parlan
48%
Ur-Shak
48%
Baltram
47%
Bengar
47%
Carl
47%
Coragon
47%
Ignaz
47%
Nagur
47%
Pablo
47%
Peck
47%
Ramirez
47%
Babo
46%
Gorax
46%
Jarvis
46%
Ulf
46%
Abuyin
45%
Bartok
45%
Gerbrandt
45%
Maleth
45%
Mario
45%
Alligator Jack
44%
Oric
44%
Kardif
43%
Parcival
43%
Sagitta
43%
Sonja
43%
Dragomir
41%
Gaan
41%
Lucy
41%
Cornelius
40%
Fellan
40%
Hakon
40%
Hanna
40%
Maria
40%
Regis
40%
Ulthar
40%
Alrik
39%
Biff
39%
Brahim
39%
Bronko
39%
Edda
39%
Fester
39%
Girion
39%
Randolph
39%
Udar
39%
Bill
38%
Bodo
38%
Elvrich
38%
Esteban
38%
Fortuno
38%
Jan
38%
Khaled
38%
Lutero
38%
Meldor
38%
Salandril
38%
Samuel
38%
Albrecht
37%
Marduk
37%
Mika
37%
Neoras
37%
Sergio
37%
Brutus
36%
Daron
36%
Malak
36%
Marcos
36%
Pepe
36%
Alwin
35%
Larius
35%
Paul
35%
Rosi
35%
Sengrath
35%
Agon
34%
Angus
34%
Balthasar
34%
Borka
34%
Feomathar
34%
Hank
34%
Henry
34%
Hosh-Pak
34%
Ingmar
34%
Patrick
34%
Rupert
34%
Scatty
34%
Wambo
34%
Franco
33%
Grimes
33%
Hodges
33%
Jesper
33%
Joe
33%
Karras
33%
Silvestro
33%
Erol
32%
Francis
32%
Garvell
32%
Hyglas
32%
Tom
32%
Dyrian
31%
Fenia
31%
Jorgen
31%
Keroloth
31%
Ruga
31%
Brago
30%
Grom
30%
Juan
30%
Mortis
30%
Rukhar
30%
Talamon
30%
William
30%
Fajeth
29%
Igaraz
29%
Isgaroth
29%
Jergan
29%
Morgan
29%
Bilgot
28%
Ehnim
28%
Elena
28%
Niclas
28%
Rangar
28%
Den
27%
Feodaron
27%
Garett
27%
Logan
27%
Brandon
26%
Engor
26%
Farim
26%
Lance
26%
Opolos
26%
Senyan
26%
Talbin
26%
Tandor
26%
Alvares
24%
Feros
24%
Finkregh
24%
Grimbald
24%
Gunnar
24%
Kati
24%
Vanja
24%
Wasili
24%
Bones
23%
Cedric
23%
Egill
23%
Finn
23%
Lennar
23%
Skinner
23%
Gestath
22%
Parlaf
22%
Tengron
22%
Boltan
21%
Emilio
21%
Garwig
21%
Carlos
20%
Engrom
20%
Miguel
20%
Quarhodron
20%
Rega
20%
Rhademes
20%
Sancho
20%
Telbor
20%
Hokurn
19%
Kurgan
19%
Pandrodor
19%
Schattenlord Archol
19%
Babera
18%
Gerold
18%
Kjorn
18%
Liesel
18%
Monty
18%
Pedrakhan
18%
Tonak
18%
Garaz
17%
Schattenlord Inubis
17%
Dobar
16%
Edgor
16%
Engardo
16%
Fed
16%
Owen
16%
Rethon
16%
Crimson
15%
Malcom
15%
Olav
15%
Pardos
15%
Rick
15%
Godar
14%
Morgahard
14%
Geppert
12%
Kervo
12%
Ramon
12%
Draal
10%
Rumbold
10%
No matching quizzes found
Score Distribution
Percent of People with Each Score
Percentile by Number Answered
Your Score History
You have not taken this quiz